000 00612nam a2200169 i 4500
001 105197
003 ES-MaACL
005 20230906183817.0
007 t|
008 060616s1948 pe ||||1| spa d
100 1 _aLópez Mindreau, Ernesto.
_973785
245 1 0 _aCanciones escolares /
_cErnesto López Mindreau.
260 _aLima :
_bMinisterio de Educación Pública, Dirección de Educación Artística y Extensión Cultural,
_c1948.
300 _a34 p. :
_bil. ;
_c33 cm.
710 1 _aPerú.
_bDirección de Educación Artística y Extensión Cultural.
_96211
852 _aES-MaACL
_j1623-F-11
_bR.26652
999 _c105197
_d105197